| 000 | 00356 a2200121 4500 | ||
|---|---|---|---|
| 001 | ART_55114 | ||
| 005 | 20260410161800.0 | ||
| 008 | 260409a | ||
| 245 | 1 | 0 | _aPrórroga del régimen de promoción de la ley 19640 |
| 100 | 1 | _aVolman, Mario | |
| 700 | 1 | _aCasero, Andrea | |
| 773 | 0 |
_tDoctrina tributaria _g- N°502 (ene. 2022) _wREV4296 |
|
| 999 |
_c20489 _d20489 |
||